| 000 | 00362 a2200121 4500 | ||
|---|---|---|---|
| 001 | ART_11692 | ||
| 005 | 20260410161859.0 | ||
| 008 | 260409a | ||
| 245 | 1 | 0 | _aDeriving public sector preferences |
| 100 | 1 | _aDenzau, Arthur T. | |
| 700 | 1 | _aParks, Roberts P. | |
| 773 | 0 |
_tJournal of public economics _g- Vol. 11, NÂș 3 (jun. 1979) _wREV11485 |
|
| 999 |
_c25743 _d25743 |
||